[Event "XLIV Memoriał Szachowy Ludwika Zamenhofa 2025, Grupa A"]
[Site "Białystok, Poland"]
[Date "2025.12.29"]
[Round "6.17"]
[White "Serafin, Franciszek"]
[Black "Kulig, Pawel"]
[Result "0-1"]
[TimeControl "90'+30\""]
[WhiteElo "2033"]
[BlackElo "2172"]

1. c4 {[%clk 01:30:00]} {[%emt 00:01:00]} e6 {[%clk 01:29:26]} {[%emt
00:01:34]} 2. Nc3 {[%clk 01:29:49]} {[%emt 00:00:41]} d5 {[%clk 01:29:50]}
{[%emt 00:00:06]} 3. d4 {[%clk 01:30:10]} {[%emt 00:00:09]} Be7 {[%clk
01:29:58]} {[%emt 00:00:21]} 4. cxd5 {[%clk 01:30:17]} {[%emt 00:00:24]} exd5
{[%clk 01:30:22]} {[%emt 00:00:06]} 5. Bf4 {[%clk 01:30:39]} {[%emt 00:00:08]}
c6 {[%clk 01:30:16]} {[%emt 00:00:36]} 6. e3 {[%clk 01:29:30]} {[%emt
00:01:40]} Nf6 {[%clk 01:29:50]} {[%emt 00:00:55]} 7. Bd3 {[%clk 01:29:36]}
{[%emt 00:00:24]} O-O {[%clk 01:30:01]} {[%emt 00:00:19]} 8. Nge2 {[%clk
01:28:11]} {[%emt 00:01:55]} Re8 {[%clk 01:29:31]} {[%emt 00:01:01]} 9. O-O
{[%clk 01:26:57]} {[%emt 00:01:43]} Nbd7 {[%clk 01:28:58]} {[%emt 00:01:03]} 10.
Qc2 {[%clk 01:27:06]} {[%emt 00:00:21]} Nf8 {[%clk 01:28:21]} {[%emt 00:01:07]}
11. Rab1 {[%clk 01:26:10]} {[%emt 00:01:27]} a5 {[%clk 01:28:45]} {[%emt
00:00:05]} 12. a3 {[%clk 01:21:07]} {[%emt 00:05:34]} Ne6 {[%clk 01:19:00]}
{[%emt 00:10:14]} 13. Bg3 {[%clk 01:21:03]} {[%emt 00:00:34]} g6 {[%clk
01:16:09]} {[%emt 00:03:21]} 14. Na4 {[%clk 01:20:04]} {[%emt 00:01:29]} b5
{[%clk 00:52:57]} {[%emt 00:23:42]} 15. Nc5 {[%clk 01:16:02]} {[%emt 00:04:33]}
Nxc5 {[%clk 00:51:42]} {[%emt 00:01:44]} 16. dxc5 {[%clk 01:14:09]} {[%emt
00:02:24]} a4 {[%clk 00:51:36]} {[%emt 00:00:36]} 17. Nd4 {[%clk 01:11:07]}
{[%emt 00:03:32]} Bd7 {[%clk 00:51:31]} {[%emt 00:00:34]} 18. Bh4 {[%clk
01:06:57]} {[%emt 00:04:41]} Ng4 {[%clk 00:46:32]} {[%emt 00:05:27]} 19. Bg3
{[%clk 01:05:56]} {[%emt 00:01:32]} Bf8 {[%clk 00:43:11]} {[%emt 00:03:51]} 20.
Nf3 {[%clk 01:03:00]} {[%emt 00:03:26]} f5 {[%clk 00:39:01]} {[%emt 00:04:40]}
21. h3 {[%clk 00:54:50]} {[%emt 00:08:41]} Nf6 {[%clk 00:39:25]} {[%emt
00:00:05]} 22. Be5 {[%clk 00:54:54]} {[%emt 00:00:26]} Ne4 {[%clk 00:38:37]}
{[%emt 00:01:18]} 23. Bd4 {[%clk 00:53:42]} {[%emt 00:01:42]} Qe7 {[%clk
00:38:32]} {[%emt 00:00:34]} 24. Rbc1 {[%clk 00:52:48]} {[%emt 00:01:25]} Bg7
{[%clk 00:34:11]} {[%emt 00:04:52]} 25. Bxg7 {[%clk 00:50:00]} {[%emt
00:03:18]} Qxg7 {[%emt 00:01:44]} 26. Rcd1 {[%clk 00:48:43]} {[%emt 00:01:00]}
Rf8 {[%clk 00:25:18]} {[%emt 00:08:54]} 27. Nd4 {[%clk 00:47:09]} {[%emt
00:02:05]} Qe7 {[%clk 00:25:06]} {[%emt 00:00:43]} 28. Rc1 {[%clk 00:46:57]}
{[%emt 00:00:42]} Rae8 {[%clk 00:24:59]} {[%emt 00:00:36]} 29. Rfe1 {[%clk
00:46:40]} {[%emt 00:00:48]} Qf6 {[%clk 00:24:17]} {[%emt 00:01:11]} 30. f4
{[%clk 00:46:18]} {[%emt 00:00:52]} g5 {[%clk 00:20:55]} {[%emt 00:03:52]} 31.
Nf3 {[%clk 00:41:10]} {[%emt 00:05:38]} gxf4 {[%clk 00:21:13]} {[%emt
00:00:12]} 32. exf4 {[%clk 00:41:34]} {[%emt 00:00:07]} Re7 {[%clk 00:21:06]}
{[%emt 00:00:36]} 33. Ne5 {[%clk 00:41:24]} {[%emt 00:00:40]} Rg7 {[%clk
00:20:34]} {[%emt 00:01:02]} 34. Re3 {[%clk 00:39:14]} {[%emt 00:02:40]} Be8
{[%clk 00:20:08]} {[%emt 00:00:56]} 35. Rf1 {[%clk 00:38:47]} {[%emt 00:00:57]}
Kh8 {[%clk 00:19:31]} {[%emt 00:01:07]} 36. Bxe4 {[%clk 00:38:00]} {[%emt
00:01:18]} dxe4 {[%clk 00:17:31]} {[%emt 00:02:29]} 37. Rd1 {[%clk 00:37:40]}
{[%emt 00:00:50]} Rfg8 {[%clk 00:17:33]} {[%emt 00:00:28]} 38. Rd2 {[%clk
00:36:13]} {[%emt 00:01:58]} Qh4 {[%clk 00:16:14]} {[%emt 00:01:48]} 39. Rf2
{[%clk 00:36:08]} {[%emt 00:00:35]} h6 {[%clk 00:15:23]} {[%emt 00:01:20]} 40.
Qc3 {[%clk 00:32:47]} {[%emt 00:03:52]} Kh7 {[%clk 00:15:00]} {[%emt 00:00:53]}
41. Qd4 {[%clk 00:32:51]} {[%emt 00:00:27]} Bh5 {[%clk 00:13:19]} {[%emt
00:02:11]} 42. Nd7 {[%clk 00:32:46]} {[%emt 00:00:35]} Qxf2+ {[%clk 00:12:08]}
{[%emt 00:01:41]} 43. Kxf2 {[%clk 00:32:55]} {[%emt 00:00:21]} Rxg2+ {[%clk
00:12:33]} {[%emt 00:00:04]} 44. Ke1 {[%clk 00:33:12]} {[%emt 00:00:12]} Rg1+
{[%clk 00:12:57]} {[%emt 00:00:07]} 0-1

[Event "XLIV Memoriał Szachowy Ludwika Zamenhofa 2025, Grupa A"]
[Site "Białystok, Poland"]
[Date "2025.12.29"]
[Round "6.18"]
[White "Greicius, Pijus"]
[Black "Buklaho, Ignacy"]
[Result "1-0"]
[TimeControl "90'+30\""]
[WhiteElo "2170"]
[BlackElo "2049"]

1. d4 {[%clk 01:26:54]} {[%emt 00:03:59]} d5 {[%clk 01:30:56]} {[%emt
00:00:12]} 2. c4 {[%clk 01:27:20]} {[%emt 00:00:04]} c6 {[%clk 01:31:21]}
{[%emt 00:00:06]} 3. cxd5 {[%clk 01:27:46]} {[%emt 00:00:04]} cxd5 {[%clk
01:31:48]} {[%emt 00:00:03]} 4. Bf4 {[%clk 01:28:10]} {[%emt 00:00:06]} Nf6
{[%clk 01:32:09]} {[%emt 00:00:08]} 5. Nc3 {[%clk 01:28:33]} {[%emt 00:00:07]}
Nc6 {[%clk 01:32:34]} {[%emt 00:00:05]} 6. e3 {[%clk 01:28:53]} {[%emt
00:00:09]} a6 {[%clk 01:33:01]} {[%emt 00:00:04]} 7. Bd3 {[%clk 01:29:19]}
{[%emt 00:00:04]} Bg4 {[%clk 01:33:25]} {[%emt 00:00:06]} 8. Nge2 {[%clk
01:29:44]} {[%emt 00:00:05]} e6 {[%clk 01:33:50]} {[%emt 00:00:05]} 9. f3
{[%clk 01:30:03]} {[%emt 00:00:10]} Bh5 {[%clk 01:33:29]} {[%emt 00:00:51]} 10.
Rc1 {[%clk 01:29:16]} {[%emt 00:01:17]} Bd6 {[%clk 01:33:52]} {[%emt 00:00:08]}
11. Na4 {[%clk 01:29:34]} {[%emt 00:00:12]} O-O {[%clk 01:33:37]} {[%emt
00:00:45]} 12. O-O {[%clk 01:29:45]} {[%emt 00:00:18]} e5 {[%clk 01:33:36]}
{[%emt 00:00:32]} 13. dxe5 {[%clk 01:29:28]} {[%emt 00:00:47]} Nxe5 {[%clk
01:34:01]} {[%emt 00:00:06]} 14. Bb1 {[%clk 01:28:15]} {[%emt 00:01:41]} Re8
{[%clk 01:33:21]} {[%emt 00:01:11]} 15. Nac3 {[%clk 01:25:31]} {[%emt
00:03:13]} Bc7 {[%clk 00:54:19]} {[%emt 00:39:33]} 16. b3 {[%clk 01:18:48]}
{[%emt 00:07:13]} h6 {[%clk 00:51:25]} {[%emt 00:03:24]} 17. Bg3 {[%clk
01:12:02]} {[%emt 00:07:15]} Qd7 {[%clk 00:50:01]} {[%emt 00:01:55]} 18. Nf4
{[%clk 01:00:05]} {[%emt 00:12:26]} Rad8 {[%clk 00:28:55]} {[%emt 00:21:37]} 19.
Nce2 {[%clk 00:48:40]} {[%emt 00:11:54]} Nc6 {[%clk 00:22:42]} {[%emt
00:06:43]} 20. Qd3 {[%clk 00:43:47]} {[%emt 00:05:23]} Bg6 {[%clk 00:14:58]}
{[%emt 00:08:15]} 21. Nxg6 {[%clk 00:43:38]} {[%emt 00:00:39]} fxg6 {[%clk
00:15:25]} {[%emt 00:00:03]} 22. Bxc7 {[%clk 00:38:50]} {[%emt 00:05:18]} Qxc7
{[%clk 00:15:23]} {[%emt 00:00:32]} 23. Nd4 {[%clk 00:39:02]} {[%emt 00:00:17]}
Qb6 {[%clk 00:14:13]} {[%emt 00:01:41]} 24. Nxc6 {[%clk 00:36:20]} {[%emt
00:03:11]} bxc6 {[%clk 00:14:41]} {[%emt 00:00:03]} 25. Qd4 {[%clk 00:36:41]}
{[%emt 00:00:09]} Rb8 {[%clk 00:12:41]} {[%emt 00:02:30]} 26. Rc3 {[%clk
00:34:05]} {[%emt 00:03:06]} Kf7 {[%clk 00:11:50]} {[%emt 00:01:22]} 27. Rfc1
{[%clk 00:29:32]} {[%emt 00:05:02]} Re6 {[%clk 00:12:09]} {[%emt 00:00:11]} 28.
Qxb6 {[%clk 00:21:35]} {[%emt 00:08:27]} Rxb6 {[%clk 00:12:37]} {[%emt
00:00:02]} 29. Kf2 {[%clk 00:21:20]} {[%emt 00:00:45]} Nd7 {[%clk 00:11:19]}
{[%emt 00:01:47]} 30. Rd1 {[%clk 00:17:00]} {[%emt 00:04:50]} Nf6 {[%clk
00:08:59]} {[%emt 00:02:51]} 31. Rd4 {[%clk 00:16:46]} {[%emt 00:00:43]} Ng8
{[%clk 00:08:22]} {[%emt 00:01:08]} 32. Bd3 {[%clk 00:13:53]} {[%emt 00:03:23]}
Re8 {[%clk 00:07:57]} {[%emt 00:00:55]} 33. Ra4 {[%clk 00:10:16]} {[%emt
00:04:07]} Ra8 {[%clk 00:08:17]} {[%emt 00:00:10]} 34. Rc5 {[%clk 00:09:36]}
{[%emt 00:01:09]} Nf6 {[%clk 00:08:17]} {[%emt 00:00:30]} 35. Rca5 {[%clk
00:09:33]} {[%emt 00:00:33]} Nd7 {[%clk 00:08:42]} {[%emt 00:00:06]} 36. Rxa6
{[%clk 00:09:11]} {[%emt 00:00:52]} Rbxa6 {[%clk 00:08:51]} {[%emt 00:00:22]}
37. Rxa6 {[%clk 00:09:34]} {[%emt 00:00:06]} Rxa6 {[%clk 00:08:42]} {[%emt
00:00:39]} 38. Bxa6 {[%clk 00:10:02]} {[%emt 00:00:02]} Nc5 {[%clk 00:08:18]}
{[%emt 00:00:54]} 39. Be2 {[%clk 00:10:25]} {[%emt 00:00:06]} Ke6 {[%clk
00:08:40]} {[%emt 00:00:08]} 40. Ke1 {[%clk 00:10:21]} {[%emt 00:00:34]} Ke5
{[%clk 00:08:01]} {[%emt 00:01:10]} 41. Kd2 {[%clk 00:10:45]} {[%emt 00:00:06]}
Ne6 {[%clk 00:07:36]} {[%emt 00:00:55]} 42. a4 {[%clk 00:07:54]} {[%emt
00:03:21]} d4 {[%clk 00:07:48]} {[%emt 00:00:18]} 43. f4+ {[%clk 00:06:56]}
{[%emt 00:01:28]} Kd6 {[%clk 00:07:42]} {[%emt 00:00:36]} 44. Bc4 {[%clk
00:06:49]} {[%emt 00:00:37]} dxe3+ {[%clk 00:07:37]} {[%emt 00:00:35]} 45. Kxe3
{[%clk 00:07:14]} {[%emt 00:00:05]} Nf8 {[%clk 00:07:01]} {[%emt 00:01:06]} 46.
b4 {[%clk 00:06:14]} {[%emt 00:01:30]} Nd7 {[%clk 00:07:05]} {[%emt 00:00:25]}
47. a5 {[%clk 00:06:29]} {[%emt 00:00:16]} Nf6 {[%clk 00:06:57]} {[%emt
00:00:38]} 48. h4 {[%clk 00:06:24]} {[%emt 00:00:34]} Kc7 {[%clk 00:06:43]}
{[%emt 00:00:45]} 49. Kd4 {[%clk 00:06:02]} {[%emt 00:00:52]} Nh5 {[%clk
00:06:56]} {[%emt 00:00:17]} 50. Ke5 {[%clk 00:05:43]} {[%emt 00:00:48]} Nf6
{[%clk 00:07:16]} {[%emt 00:00:11]} 51. Be6 {[%clk 00:05:20]} {[%emt 00:00:52]}
Kb7 {[%clk 00:07:32]} {[%emt 00:00:15]} 52. g4 {[%clk 00:05:07]} {[%emt
00:00:42]} Ka6 {[%clk 00:07:47]} {[%emt 00:00:16]} 53. g5 {[%clk 00:04:43]}
{[%emt 00:00:54]} hxg5 {[%clk 00:08:06]} {[%emt 00:00:11]} 54. fxg5 {[%clk
00:04:42]} {[%emt 00:00:31]} Nh5 {[%clk 00:08:13]} {[%emt 00:00:22]} 55. Bc4+
{[%clk 00:05:08]} {[%emt 00:00:05]} Kb7 {[%clk 00:08:36]} {[%emt 00:00:07]} 56.
Bd3 {[%clk 00:05:11]} {[%emt 00:00:26]} Ng3 {[%clk 00:08:54]} {[%emt 00:00:12]}
57. Bxg6 {[%clk 00:05:29]} {[%emt 00:00:12]} Nf1 {[%clk 00:09:17]} {[%emt
00:00:07]} 58. h5 {[%clk 00:05:39]} {[%emt 00:00:20]} Nd2 {[%clk 00:09:35]}
{[%emt 00:00:13]} 59. h6 {[%clk 00:04:59]} {[%emt 00:01:10]} 1-0

[Event "XLIV Memoriał Szachowy Ludwika Zamenhofa 2025, Grupa A"]
[Site "Białystok, Poland"]
[Date "2025.12.29"]
[Round "6.19"]
[White "Obolonin, Filipp"]
[Black "Praczukowski, Stanislaw"]
[Result "1/2-1/2"]
[TimeControl "90'+30\""]
[WhiteElo "2103"]
[BlackElo "2155"]

1. d4 {[%clk 01:25:58]} {[%emt 00:05:01]} Nf6 {[%clk 01:30:39]} {[%emt
00:00:21]} 2. c4 {[%clk 01:24:42]} {[%emt 00:01:46]} e6 {[%clk 01:30:55]}
{[%emt 00:00:14]} 3. Nf3 {[%clk 01:24:49]} {[%emt 00:00:24]} d5 {[%clk
01:31:02]} {[%emt 00:00:23]} 4. Nc3 {[%clk 01:24:27]} {[%emt 00:00:51]} Be7
{[%clk 01:30:39]} {[%emt 00:00:53]} 5. g3 {[%clk 01:22:52]} {[%emt 00:02:05]}
O-O {[%clk 01:30:04]} {[%emt 00:01:06]} 6. Bg2 {[%clk 01:23:04]} {[%emt
00:00:18]} c6 {[%clk 01:29:20]} {[%emt 00:01:14]} 7. O-O {[%clk 01:23:19]}
{[%emt 00:00:14]} Nbd7 {[%clk 01:26:43]} {[%emt 00:03:08]} 8. Nd2 {[%clk
01:23:18]} {[%emt 00:00:31]} b5 {[%clk 01:23:47]} {[%emt 00:03:26]} 9. cxb5
{[%clk 01:18:48]} {[%emt 00:05:01]} cxb5 {[%clk 01:23:50]} {[%emt 00:00:26]} 10.
Nxb5 {[%clk 01:18:45]} {[%emt 00:00:32]} Qb6 {[%clk 01:24:03]} {[%emt
00:00:16]} 11. Qa4 {[%clk 01:17:47]} {[%emt 00:01:30]} Bb7 {[%clk 01:22:51]}
{[%emt 00:01:42]} 12. Nc3 {[%clk 01:16:36]} {[%emt 00:01:41]} Bc6 {[%clk
01:22:59]} {[%emt 00:00:22]} 13. Qc2 {[%clk 01:16:25]} {[%emt 00:00:41]} Qxd4
{[%clk 01:22:34]} {[%emt 00:00:55]} 14. e4 {[%clk 01:11:06]} {[%emt 00:05:49]}
Rfc8 {[%clk 01:09:02]} {[%emt 00:14:02]} 15. Nb3 {[%clk 00:56:21]} {[%emt
00:15:15]} Qb4 {[%clk 01:07:23]} {[%emt 00:02:08]} 16. exd5 {[%clk 00:55:24]}
{[%emt 00:01:28]} Nxd5 {[%clk 01:05:45]} {[%emt 00:02:07]} 17. Rd1 {[%clk
00:29:58]} {[%emt 00:25:56]} N7f6 {[%clk 01:00:00]} {[%emt 00:06:15]} 18. Bd2
{[%clk 00:29:00]} {[%emt 00:01:28]} Qg4 {[%clk 00:52:01]} {[%emt 00:08:30]} 19.
Na5 {[%clk 00:17:05]} {[%emt 00:12:25]} Nb4 {[%clk 00:50:09]} {[%emt 00:02:22]}
20. Nxc6 {[%clk 00:15:03]} {[%emt 00:02:32]} Nxc2 {[%clk 00:48:12]} {[%emt
00:02:27]} 21. Nxe7+ {[%clk 00:15:24]} {[%emt 00:00:08]} Kf8 {[%clk 00:47:28]}
{[%emt 00:01:14]} 22. Nxc8 {[%clk 00:15:44]} {[%emt 00:00:11]} Rxc8 {[%clk
00:45:29]} {[%emt 00:02:28]} 23. Rac1 {[%clk 00:15:58]} {[%emt 00:00:16]} Nd4
{[%clk 00:39:47]} {[%emt 00:06:12]} 24. Be3 {[%clk 00:14:16]} {[%emt 00:02:12]}
e5 {[%clk 00:27:46]} {[%emt 00:12:31]} 25. h3 {[%clk 00:14:18]} {[%emt
00:00:28]} Qd7 {[%clk 00:26:16]} {[%emt 00:02:00]} 26. Kh2 {[%clk 00:13:46]}
{[%emt 00:01:02]} Rb8 {[%clk 00:25:28]} {[%emt 00:01:19]} 27. Rd2 {[%clk
00:13:58]} {[%emt 00:00:18]} Qf5 {[%clk 00:24:05]} {[%emt 00:01:52]} 28. g4
{[%clk 00:12:03]} {[%emt 00:02:25]} Qe6 {[%clk 00:21:26]} {[%emt 00:03:09]} 29.
Re1 {[%clk 00:10:02]} {[%emt 00:02:31]} Qc4 {[%clk 00:17:00]} {[%emt 00:04:56]}
30. Red1 {[%clk 00:07:14]} {[%emt 00:03:17]} Ne6 {[%clk 00:16:24]} {[%emt
00:01:07]} 31. Nd5 {[%clk 00:07:24]} {[%emt 00:00:20]} Ne8 {[%clk 00:12:45]}
{[%emt 00:04:09]} 32. b3 {[%clk 00:07:46]} {[%emt 00:00:09]} Qa6 {[%clk
00:12:09]} {[%emt 00:01:04]} 33. f4 {[%clk 00:06:38]} {[%emt 00:01:39]} exf4
{[%clk 00:11:41]} {[%emt 00:00:57]} 34. Nxf4 {[%clk 00:06:57]} {[%emt
00:00:11]} g5 {[%clk 00:08:02]} {[%emt 00:04:10]} 35. Nxe6+ {[%clk 00:07:18]}
{[%emt 00:00:10]} Qxe6 {[%clk 00:08:18]} {[%emt 00:00:14]} 36. Bxa7 {[%clk
00:07:31]} {[%emt 00:00:17]} Rc8 {[%clk 00:08:18]} {[%emt 00:00:29]} 37. Bf2
{[%clk 00:07:25]} {[%emt 00:00:36]} Rc3 {[%clk 00:07:13]} {[%emt 00:01:35]} 38.
Re1 {[%clk 00:07:51]} {[%emt 00:00:04]} Qf6 {[%clk 00:07:08]} {[%emt 00:00:35]}
39. Re4 {[%clk 00:07:08]} {[%emt 00:01:13]} Rc8 {[%clk 00:06:57]} {[%emt
00:00:41]} 40. Bg3 {[%clk 00:07:17]} {[%emt 00:00:21]} Ng7 {[%clk 00:06:25]}
{[%emt 00:01:02]} 41. Rf2 {[%clk 00:06:01]} {[%emt 00:01:46]} Qb6 {[%clk
00:06:18]} {[%emt 00:00:36]} 42. Re1 {[%clk 00:05:29]} {[%emt 00:01:02]} Rc3
{[%clk 00:03:55]} {[%emt 00:02:54]} 43. Ref1 {[%clk 00:04:09]} {[%emt
00:01:50]} f5 {[%clk 00:03:52]} {[%emt 00:00:33]} 44. Be5 {[%clk 00:04:23]}
{[%emt 00:00:16]} Re3 {[%clk 00:03:08]} {[%emt 00:01:14]} 45. Bxg7+ {[%clk
00:03:15]} {[%emt 00:01:37]} Kxg7 {[%clk 00:03:33]} {[%emt 00:00:06]} 46. Rxf5
{[%clk 00:03:14]} {[%emt 00:00:31]} Re2 {[%clk 00:03:39]} {[%emt 00:00:23]} 47.
Kh1 {[%clk 00:03:00]} {[%emt 00:00:44]} Qe3 {[%clk 00:02:07]} {[%emt 00:02:03]}
48. b4 {[%clk 00:00:46]} {[%emt 00:02:44]} Qg3 {[%clk 00:01:29]} {[%emt
00:01:08]} 49. Rxg5+ {[%clk 00:00:51]} {[%emt 00:00:26]} Kh6 {[%clk 00:01:47]}
{[%emt 00:00:12]} 50. Rh5+ {[%clk 00:01:13]} {[%emt 00:00:07]} Kg6 {[%clk
00:01:58]} {[%emt 00:00:19]} 51. Rg1 {[%clk 00:01:37]} {[%emt 00:00:07]} Re1
{[%clk 00:01:23]} {[%emt 00:01:05]} 52. b5 {[%clk 00:02:01]} {[%emt 00:00:05]}
Rxg1+ {[%clk 00:01:06]} {[%emt 00:00:47]} 53. Kxg1 {[%clk 00:02:27]} {[%emt
00:00:04]} Qe3+ {[%clk 00:01:29]} {[%emt 00:00:07]} 54. Kf1 {[%clk 00:02:37]}
{[%emt 00:00:20]} Qc1+ {[%clk 00:01:33]} {[%emt 00:00:25]} 55. Kf2 {[%clk
00:02:43]} {[%emt 00:00:24]} Qd2+ {[%clk 00:01:54]} {[%emt 00:00:11]} 56. Kf3
{[%clk 00:01:59]} {[%emt 00:01:14]} Qd3+ {[%clk 00:02:04]} {[%emt 00:00:19]} 57.
Kf4 {[%clk 00:01:57]} {[%emt 00:00:30]} Qd2+ {[%clk 00:02:24]} {[%emt
00:00:11]} 58. Kg3 {[%clk 00:01:53]} {[%emt 00:00:35]} Qd6+ {[%clk 00:02:37]}
{[%emt 00:00:17]} 59. Kf2 {[%clk 00:01:07]} {[%emt 00:01:15]} Qd2+ {[%clk
00:02:59]} {[%emt 00:00:09]} 60. Kg1 {[%clk 00:01:24]} {[%emt 00:00:13]} Qe3+
{[%clk 00:03:17]} {[%emt 00:00:12]} 61. Kf1 {[%clk 00:01:17]} {[%emt 00:00:37]}
Qc1+ {[%clk 00:03:40]} {[%emt 00:00:06]} 62. Ke2 {[%clk 00:01:41]} {[%emt
00:00:06]} Qc2+ {[%clk 00:03:46]} {[%emt 00:00:24]} 63. Kf3 {[%clk 00:01:36]}
{[%emt 00:00:36]} Qd3+ {[%clk 00:04:03]} {[%emt 00:00:12]} 64. Kf4 {[%clk
00:01:06]} {[%emt 00:01:00]} Qd2+ {[%clk 00:04:27]} {[%emt 00:00:07]} 65. Kg3
{[%clk 00:01:23]} {[%emt 00:00:13]} Qd6+ {[%clk 00:04:49]} {[%emt 00:00:08]}
1/2-1/2